000 00390nam a22001577a 4500
003 OSt
005 20160523123925.0
008 160523b xxu||||| |||| 00| 0 eng d
020 _a0-8077-3780-1
040 _cn/a
050 _aLC5119.8
_b.W 45 1999
100 _aWeiner,lois
245 _aurban teaching
_bthe essensials
260 _anew york
_bteachers college press
942 _2lcc
_cBK
999 _c253953
_d253952